| 000 | 01961nam0a2200385 4500 | ||
|---|---|---|---|
| 001 | RU\NLR\bibl\1515825 | ||
| 005 | 20260215060621.0 | ||
| 010 |
_a978-5-9901101-8-2 _9600 |
||
| 021 |
_aRU _b2010-29641 _91993 |
||
| 035 | _a(NLR Aleph) 001507204 | ||
| 090 |
_a57540 _c57540 |
||
| 100 | _a20100526d2009 |||y0rusy50 ca | ||
| 101 | 0 | _arus | |
| 102 | _aRU | ||
| 105 | _aach ||||||||| | ||
| 200 | 1 |
_aВятская глиняная игрушка в рисунках Алексея Деньшина _e[альбом] _fавт.-сост. Г.Г. Киселева |
|
| 205 | _aФакс. изд. | ||
| 210 |
_aВятка _cБуквица _d2009 |
||
| 215 |
_a81, [5] c. _cил., цв. ил., факс., портр. _d21 |
||
| 300 | _aВых. дан. ориг.: Москва: издание автора Алексея Деньшина, 1917 | ||
| 320 | _aБиблиография / Анна Афанасьевна Мерзликина: с. 70-71 | ||
| 320 | _aТруды по истории искусства и народным художественным промыслам / А.И. Деньшин: с. 72-74 | ||
| 604 |
_1200#1$aДеньшин$gАлексей Иванович$bА.И.$f1893 - 1948 _12351#$aРисунки _aДеньшин, Алексей Иванович (1893 - 1948) _tРисунки _jАльбомы _3RU\NLR\AUTH\661535149 _92598360 |
||
| 606 | 1 |
_aДымковская игрушка _jАльбомы _91046492 _3RU\NLR\auth\66403875 |
|
| 686 | _aЩ153(2Р=Рус)7-8Деньшин | ||
| 686 | _aЩ126.73(2Р=Рус) | ||
| 700 | 1 |
_aДеньшин _bА. И. _f1893-1948 _gАлексей Иванович _4070 |
|
| 702 | 1 |
_4220 _aКиселева _bГ. Г. _cискусствовед _gГенриэтта Георгиевна _9140820 _3RU\NLR\AUTH\770140856 |
|
| 801 | 0 |
_aRU _bNLR _c20100526 _gRCR |
|
| 801 | 1 |
_aRU _bNLR _c20100526 |
|
| 942 | _cBOOK | ||
| 980 | _aNB | ||
| 980 | _aNBR | ||